| 000 | 01120nam0a2200325 4500 | ||
|---|---|---|---|
| 001 | RU\NLR\BIBL_A\022454013 | ||
| 005 | 20250303154059.0 | ||
| 010 |
_a978-5-9345-006-8 _91000 |
||
| 021 |
_aRU _bКН-П-24-079411 _9КН-П-24-7930 |
||
| 035 | _a(NLR Aleph) 022454013 | ||
| 090 |
_a13359629 _c13359629 |
||
| 100 | _a20250211d2024 c y0rusy50 ca | ||
| 101 | 0 | _arus | |
| 102 | _aRU | ||
| 105 | _aa z 000gy | ||
| 181 | 0 |
_ab3 _bxb2e |
|
| 181 | 0 |
_ai2 _baxxe |
|
| 182 | 0 | _an | |
| 200 | 1 |
_aСтихи для Софии _fРабалданов Руслан _g[рисовала С. Лукьянова] |
|
| 203 |
_aИзображение _aТекст _bвизуальные _cнепосредственные |
||
| 210 |
_aМосква _cАкадемия журналистики _d2024 |
||
| 215 |
_a53 с. _cцв. ил. _d29 |
||
| 686 | 0 | _aШ9(2)60=Р7-5 | |
| 700 | 1 |
_aРабалданов _bР. Б. _gРуслан Байранбекович |
|
| 702 | 1 |
_aЛукьянова _bС. _4440 |
|
| 942 | _cBOOK | ||
| 980 | _aNB | ||